000 00634nam a2200193 i 4500
001 48398
003 ES-MaACL
005 20230906161738.0
007 t|
008 030819s1860 fr |||| | fre d
100 1 _aDaumas, Eugène.
_942820
245 1 3 _aLe grand désert, ou Itinéraire d'une caravane du Sahara au pays des Nègres (royaume de Haoussa) /
_cpar Eugène Daumas et Ausone de Chancel.
250 _a4e éd.
260 _aParis :
_bMichel Lévy Frères,
_c1860.
300 _aXII, 344 p. ;
_c18 cm.
651 4 _aSahara-
_xDescripción.
_9137377
700 1 _aChancel, Ansone de.
_9171278
852 _aES-MaACL
_jD-1969
999 _c48398
_d48398